00864cam a22002537a 4500020001500000040000800015082002600023100001600049245008800065260005800153300005800211650001600269650001200285650002200297650001600319650001500335650002800350700002100378700002100399700001900420942000700439999001700446952014700463 a9251046271 cOSU00a338 FAO 2001 A068 Co.1 aDixon, John10aFarming systems and poverty :bimproving farmers' livelihoods in a changing world / aRome :bFAO ;aWashington, D.C. :bWorld Bank,c2001. aviii, 412 p. :bill. (some col.), col. maps ;c24 cm. 0aAgriculture 0aFarmers 0aRural development 0aFood supply 0aRural poor 0aSustainable agriculture1 aGibbon, David P.1 aGulliver, Aidan.1 aHall, Malcolm. cEK c14989d14989 0010406338_000000000000000_FAO_2001_A068_CO70967717aLBAbLBAcA068d2017-11-01o338 FAO 2001 A068 Co.pA21578r2017-11-01w2017-11-01yEK